[Event "Oberliga Wuerttemberg 2223"]
[Site "Wuerttemberg"]
[Date "2022.09.18"]
[Round "1.6"]
[White "Gustain, Marc"]
[Black "Schulte, Torsten"]
[Result "1-0"]
[WhiteElo "2194"]
[BlackElo "2049"]
[PlyCount "55"]
[EventDate "2022.09.18"]
[EventType "team-tourn"]
[EventRounds "9"]
[EventCountry "GER"]
[SourceTitle "EXT 2025"]
[Source "ChessBase"]
[SourceDate "2024.10.14"]
[SourceVersion "1"]
[SourceVersionDate "2024.10.14"]
[SourceQuality "1"]
[WhiteTeam "Deizisau II"]
[BlackTeam "Boeblingen"]
[WhiteTeamCountry "GER"]
[BlackTeamCountry "GER"]

1. e4 c5 2. Nf3 e6 3. Nc3 Nc6 4. d4 cxd4 5. Nxd4 Nf6 6. Ndb5 Bb4 7. a3 Bxc3+ 8. Nxc3 d5 9. exd5 exd5 10. Bd3 0-0 11. 0-0 d4 12. Ne2 Bg4 13. f3 Bc8 14. Bg5 Qd6 15. Qd2 Re8 16. Rad1 a6 17. Qf4 Qxf4 18. Nxf4 Nd7 19. Nd5 Re5 20. Nc7 Rb8 21. Bf4 Rh5 22. Rde1 Nf8 23. g4 Ra5 24. b4 Rxa3 25. b5 Nd8 26. Nd5 Ra8 27. Re8 Nde6 28. Bd6 1-0

[Event "Deizisau op 12th"]
[Site "Deizisau"]
[Date "2017.10.30"]
[Round "5"]
[White "Schulte, Torsten"]
[Black "Gustain, Marc"]
[Result "1/2-1/2"]
[WhiteElo "2072"]
[BlackElo "2159"]
[PlyCount "27"]
[EventDate "2017.10.28"]
[EventType "swiss"]
[EventRounds "7"]
[EventCountry "GER"]
[SourceTitle "CBM 181 Extra"]
[Source "ChessBase"]
[SourceDate "2017.12.12"]
[SourceVersion "1"]
[SourceVersionDate "2017.12.12"]
[SourceQuality "1"]

1. d4 Nf6 2. c4 d6 3. Nf3 Bf5 4. Nc3 Nbd7 5. g3 e5 6. Bg2 c6 7. 0-0 Be7 8. Nh4 Bg6 9. Nxg6 hxg6 10. b3 0-0 11. Bb2 Qc7 12. Rc1 Rfe8 13. Qd2 Rad8 14. Rfd1 1/2-1/2

[Event "Oberliga Baden 1415"]
[Site "Baden"]
[Date "2015.04.12"]
[Round "9.4"]
[White "Schulte, Torsten"]
[Black "Haag, Gregor"]
[Result "1/2-1/2"]
[WhiteElo "2116"]
[BlackElo "2222"]
[PlyCount "62"]
[EventDate "2014.09.21"]
[EventType "team-tourn"]
[EventRounds "9"]
[EventCountry "GER"]
[SourceTitle "EXT 2016"]
[Source "ChessBase"]
[SourceDate "2015.10.08"]
[SourceVersion "1"]
[SourceVersionDate "2015.10.08"]
[SourceQuality "1"]
[WhiteTeam "Eppingen II"]
[BlackTeam "Brombach"]
[WhiteTeamCountry "GER"]
[BlackTeamCountry "GER"]

1. d4 d5 2. c4 dxc4 3. Nf3 Nf6 4. e3 Bg4 5. Bxc4 e6 6. 0-0 a6 7. Nbd2 c5 8. dxc5 Bxc5 9. a3 0-0 10. b4 Ba7 11. Bb2 Nbd7 12. h3 Bh5 13. Qb3 b5 14. Be2 Nb6 15. Rfd1 Qe7 16. Nf1 Ne4 17. Rac1 Rac8 18. Nd4 Rxc1 19. Rxc1 Bxe2 20. Nxe2 Qh4 21. Nfg3 Nxg3 22. Nxg3 Nc4 23. Ne2 e5 24. a4 Rd8 25. axb5 axb5 26. Ra1 Bb6 27. Bc3 h6 28. Be1 Qf6 29. Nc3 Qc6 30. Qc2 g6 31. Qe4 Qxe4 1/2-1/2

[Event "Boeblinger op 31st"]
[Site "Boeblingen"]
[Date "2014.12.26"]
[Round "1"]
[White "Fedorovsky, Michael"]
[Black "Schulte, Torsten"]
[Result "1-0"]
[WhiteElo "2443"]
[BlackElo "2090"]
[PlyCount "45"]
[EventDate "2014.12.26"]
[EventType "swiss"]
[EventRounds "9"]
[EventCountry "GER"]
[SourceTitle "CBM 164 Extra"]
[Source "ChessBase"]
[SourceDate "2015.03.02"]
[SourceVersion "1"]
[SourceVersionDate "2015.03.02"]
[SourceQuality "1"]

1. d4 d5 2. c4 dxc4 3. e3 e6 4. Bxc4 Nf6 5. Nf3 c5 6. 0-0 Nc6 7. Qe2 cxd4 8. Rd1 a6 9. exd4 Be7 10. Nc3 0-0 11. a3 Qc7 12. Bg5 b5 13. Ba2 Bb7 14. Rac1 Rad8 15. Bb1 Rfe8 16. Ne4 Nxe4 17. Qxe4 g6 18. Qh4 Bxg5 19. Nxg5 h5 20. Ne4 Rf8 21. Nf6+ Kg7 22. Nxh5+ Kg8 23. Qf6 1-0

[Event "Oberliga Baden 1415"]
[Site "Baden"]
[Date "2014.12.07"]
[Round "4.6"]
[White "Schulte, Torsten"]
[Black "Mader, Manuela"]
[Result "1-0"]
[WhiteElo "2090"]
[BlackElo "2206"]
[PlyCount "103"]
[EventDate "2014.09.21"]
[EventType "team-tourn"]
[EventRounds "9"]
[EventCountry "GER"]
[SourceTitle "EXT 2016"]
[Source "ChessBase"]
[SourceDate "2015.10.08"]
[SourceVersion "1"]
[SourceVersionDate "2015.10.08"]
[SourceQuality "1"]
[WhiteTeam "Eppingen II"]
[BlackTeam "Ettlingen"]
[WhiteTeamCountry "GER"]
[BlackTeamCountry "GER"]

1. d4 Nf6 2. c4 g6 3. Nc3 Bg7 4. g3 d6 5. Bg2 0-0 6. Nf3 Nc6 7. 0-0 a6 8. d5 Na5 9. Nd2 c5 10. Qc2 Rb8 11. Rb1 b5 12. b3 Bf5 13. Nce4 Nd7 14. Bb2 Bxb2 15. Rxb2 bxc4 16. bxc4 Rxb2 17. Qxb2 Qb6 18. Qc2 Rb8 19. Rb1 Qc7 20. h3 Ne5 21. Rxb8+ Qxb8 22. g4 Bxe4 23. Bxe4 Qb4 24. Bd3 Nb7 25. f4 Nxd3 26. exd3 Nd8 27. Kf2 f6 28. Ke2 Kg7 29. Qb3 a5 30. a3 Qxb3 31. Nxb3 a4 32. Nc1 e5 33. fxe5 fxe5 34. Na2 Kf6 35. Nc3 Kg5 36. Kf3 Kh4 37. Kg2 Nf7 38. Nxa4 Ng5 39. Nb2 Nxh3 40. a4 Kxg4 41. a5 Nf4+ 42. Kh2 Kf3 43. a6 g5 44. a7 g4 45. a8Q g3+ 46. Kh1 Kf2 47. Qg8 h5 48. Qg5 g2+ 49. Kh2 Kf1 50. Qg3 h4 51. Qf3+ Ke1 52. Qe3+ 1-0

[Event "Oberliga Baden 1415"]
[Site "Baden"]
[Date "2014.10.19"]
[Round "2.5"]
[White "Berberich, Christoph"]
[Black "Schulte, Torsten"]
[Result "1/2-1/2"]
[WhiteElo "2055"]
[BlackElo "2109"]
[PlyCount "59"]
[EventDate "2014.09.21"]
[EventType "team-tourn"]
[EventRounds "9"]
[EventCountry "GER"]
[SourceTitle "EXT 2016"]
[Source "ChessBase"]
[SourceDate "2015.10.08"]
[SourceVersion "1"]
[SourceVersionDate "2015.10.08"]
[SourceQuality "1"]
[WhiteTeam "Freiburg Zaehringen"]
[BlackTeam "Eppingen II"]
[WhiteTeamCountry "GER"]
[BlackTeamCountry "GER"]

1. d4 Nf6 2. Nf3 g6 3. c4 Bg7 4. Nc3 d5 5. cxd5 Nxd5 6. e4 Nxc3 7. bxc3 0-0 8. Rb1 c5 9. Qd2 Nc6 10. d5 Ne5 11. Nxe5 Bxe5 12. f4 Bg7 13. e5 Rb8 14. Be2 Bf5 15. Rb5 Be4 16. 0-0 Bxd5 17. Rxc5 Bc6 18. Qxd8 Rfxd8 19. Be3 Rbc8 20. Rd1 f6 21. Rxd8+ Rxd8 22. Bc4+ Kf8 23. Bd4 fxe5 24. fxe5 Bh6 25. Kf2 Bc1 26. h4 Bb2 27. Ke3 Bc1+ 28. Kf2 Bb2 29. Ke3 Bc1+ 30. Kf2 1/2-1/2

[Event "Boeblinger op 30th"]
[Site "Boeblingen"]
[Date "2013.12.30"]
[Round "9"]
[White "Schulte, Torsten"]
[Black "Dorst, Johannes"]
[Result "0-1"]
[WhiteElo "2112"]
[BlackElo "2222"]
[PlyCount "140"]
[EventDate "2013.12.26"]
[EventType "swiss"]
[EventRounds "9"]
[EventCountry "GER"]
[SourceTitle "CBM 158 Extra"]
[Source "ChessBase"]
[SourceDate "2014.02.28"]
[SourceVersion "1"]
[SourceVersionDate "2014.02.28"]
[SourceQuality "1"]

1. d4 Nf6 2. c4 c5 3. Nf3 cxd4 4. Nxd4 e5 5. Nf3 Nc6 6. e3 d5 7. cxd5 Qxd5 8. Qxd5 Nxd5 9. Bb5 f6 10. a3 Be6 11. Bd2 Kf7 12. Nc3 Nxc3 13. Bxc3 Ne7 14. Rd1 a6 15. Be2 h6 16. e4 Nc8 17. 0-0 Be7 18. Nd2 Nb6 19. f4 Bc5+ 20. Kh1 exf4 21. Rxf4 Na4 22. Bh5+ Ke7 23. Nb1 Rhd8 24. e5 Nxc3 25. exf6+ gxf6 26. Nxc3 Rxd1+ 27. Bxd1 Rd8 28. Bf3 b6 29. Rh4 Be3 30. Re4 Bd4 31. Bg4 Be5 32. Bxe6 Kxe6 33. g3 Rd2 34. Rb4 Bd4 35. Ne4 Rd1+ 36. Kg2 f5 37. Nc3 Rd2+ 38. Kf1 a5 39. Rb5 Rf2+ 40. Ke1 Rxh2 41. Ne2 Bf2+ 42. Kf1 Kf6 43. Rb3 Bc5 44. Rf3 Kg5 45. b4 axb4 46. axb4 Bxb4 47. Nd4 Kg4 48. Rxf5 Bc5 49. Rf4+ Kxg3 50. Re4 Rf2+ 51. Ke1 Bxd4 52. Rxd4 Rf6 53. Rd5 Kg4 54. Rd4+ Kg5 55. Rd5+ Rf5 56. Rd8 b5 57. Rg8+ Kh4 58. Ke2 Rg5 59. Re8 Kg3 60. Re3+ Kg2 61. Re6 h5 62. Re4 Rf5 63. Re8 Rg5 64. Re4 Kg3 65. Re3+ Kf4 66. Rb3 Re5+ 67. Kd2 h4 68. Rd3 Kg4 69. Rd8 h3 70. Rh8 Rh5 0-1

[Event "Boeblinger op 30th"]
[Site "Boeblingen"]
[Date "2013.12.29"]
[Round "7"]
[White "Schulte, Torsten"]
[Black "Kabisch, Thilo"]
[Result "0-1"]
[WhiteElo "2112"]
[BlackElo "2262"]
[PlyCount "48"]
[EventDate "2013.12.26"]
[EventType "swiss"]
[EventRounds "9"]
[EventCountry "GER"]
[SourceTitle "CBM 158 Extra"]
[Source "ChessBase"]
[SourceDate "2014.02.28"]
[SourceVersion "1"]
[SourceVersionDate "2014.02.28"]
[SourceQuality "1"]

1. d4 Nf6 2. c4 b6 3. Nc3 Bb7 4. d5 d6 5. e4 Nbd7 6. f4 e5 7. Nf3 Be7 8. Bd3 a5 9. 0-0 0-0 10. f5 c6 11. h3 Nc5 12. g4 cxd5 13. cxd5 Nxd3 14. Qxd3 Ba6 15. Nb5 Bxb5 16. Qxb5 Nxe4 17. Be3 Nc5 18. Rac1 e4 19. Nd2 Bg5 20. Qe2 Re8 21. b3 h6 22. Rc4 b5 23. Bxg5 Qxg5 24. Nxe4 bxc4 0-1

[Event "Deizisau op 8th"]
[Site "Deizisau"]
[Date "2013.10.29"]
[Round "7"]
[White "Schulte, Torsten"]
[Black "Ninov, Nikolai"]
[Result "0-1"]
[WhiteElo "2099"]
[BlackElo "2466"]
[PlyCount "118"]
[EventDate "2013.10.26"]
[EventType "swiss"]
[EventRounds "7"]
[EventCountry "GER"]
[SourceTitle "EXT 2014"]
[Source "ChessBase"]
[SourceDate "2013.11.20"]
[SourceVersion "1"]
[SourceVersionDate "2013.11.20"]
[SourceQuality "1"]

1. d4 Nf6 2. c4 e6 3. Nc3 Bb4 4. e3 Bxc3+ 5. bxc3 b6 6. Bd3 Bb7 7. f3 d6 8. Ne2 Qd7 9. 0-0 Nc6 10. e4 Ba6 11. Ng3 Na5 12. Qe2 Qa4 13. c5 Bxd3 14. Qxd3 dxc5 15. e5 Nd5 16. Nh5 Qc4 17. Qxc4 Nxc4 18. Nxg7+ Kd7 19. dxc5 h5 20. Bg5 Rag8 21. Bf6 Rh7 22. cxb6 axb6 23. Rfe1 Rhxg7 24. Bxg7 Rxg7 25. Re4 Nd2 26. Rd1 Nxf3+ 27. Kf2 Ke7 28. Kxf3 Nxc3 29. Rc4 Nxd1 30. Rxc7+ Ke8 31. Rc8+ Kd7 32. Rc2 Rg5 33. Rd2+ Kc6 34. Rxd1 Rxe5 35. Rd2 b5 36. h3 b4 37. g4 hxg4+ 38. hxg4 Re1 39. Kf2 Re4 40. Kf3 Rc4 41. Kg3 f5 42. gxf5 exf5 43. Rf2 Rc5 44. Kf4 Kb5 45. Ke3 Ka4 46. Kd4 Rc3 47. Rxf5 Rc2 48. Rf8 Rxa2 49. Ra8+ Kb3 50. Rb8 Rc2 51. Kd3 Rc6 52. Kd2 Ka3 53. Ra8+ Kb2 54. Rb8 Rd6+ 55. Ke3 b3 56. Rc8 Kb1 57. Rb8 b2 58. Ke4 Ra6 59. Kd3 Ka2 0-1

[Event "Stuttgart-chA int"]
[Site "Ditzingen"]
[Date "2013.05.11"]
[Round "6"]
[White "Schulte, Torsten"]
[Black "Schmidt, Tobias"]
[Result "1/2-1/2"]
[WhiteElo "2125"]
[BlackElo "1924"]
[PlyCount "59"]
[EventDate "2013.05.09"]
[EventType "swiss"]
[EventRounds "7"]
[EventCountry "GER"]
[SourceTitle "EXT 2014"]
[Source "ChessBase"]
[SourceDate "2013.11.20"]
[SourceVersion "1"]
[SourceVersionDate "2013.11.20"]
[SourceQuality "1"]

1. d4 d5 2. c4 dxc4 3. Nf3 Nf6 4. e3 e6 5. Bxc4 c5 6. 0-0 a6 7. a4 Nc6 8. Nc3 Be7 9. Qe2 cxd4 10. Rd1 e5 11. exd4 exd4 12. Nxd4 Nxd4 13. Qe3 0-0 14. Qxd4 Qxd4 15. Rxd4 Bc5 16. Rd1 Be6 17. Bxe6 fxe6 18. h3 Rad8 19. Rxd8 Rxd8 20. Bg5 Rd4 21. Be3 Rc4 22. Bxc5 Rxc5 23. a5 Ne8 24. Ra4 Nd6 25. Rd4 Nc4 26. Rd8+ Kf7 27. Rd7+ Kg6 28. Rxb7 Nxa5 29. Rb6 Rc6 30. Rxc6 1/2-1/2

[Event "Verbandsliga Nord Baden 1213"]
[Site "Baden"]
[Date "2012.12.16"]
[Round "3.6"]
[White "Mueller, Jens"]
[Black "Schulte, Torsten"]
[Result "1-0"]
[WhiteElo "2031"]
[BlackElo "2113"]
[PlyCount "97"]
[EventDate "2012.10.21"]
[EventType "team-tourn"]
[EventRounds "9"]
[EventCountry "GER"]
[SourceTitle "EXT 2014"]
[Source "ChessBase"]
[SourceDate "2013.11.20"]
[SourceVersion "1"]
[SourceVersionDate "2013.11.20"]
[SourceQuality "1"]
[WhiteTeam "Weinheim"]
[BlackTeam "Eppingen II"]
[WhiteTeamCountry "GER"]
[BlackTeamCountry "GER"]

1. e4 e5 2. Nf3 Nc6 3. Bc4 Nf6 4. Ng5 d5 5. exd5 b5 6. Bf1 Nd4 7. c3 Nxd5 8. cxd4 Qxg5 9. Bxb5+ Bd7 10. Bxd7+ Kxd7 11. 0-0 exd4 12. Qa4+ c6 13. Qxd4 Bd6 14. d3 Qf5 15. Na3 Rhe8 16. Nc4 Be5 17. Nxe5+ Qxe5 18. Be3 Qxd4 19. Bxd4 g6 20. Rfe1 a6 21. a3 Nf4 22. Be3 Nd5 23. Rac1 Re6 24. Bd2 Rae8 25. Rxe6 Rxe6 26. Kf1 Kd6 27. Rc4 Kc7 28. Ra4 Kb6 29. Re4 Rd6 30. Ke2 Rd7 31. Be3+ Kb7 32. Bc5 f5 33. Ra4 Rd8 34. Kd2 Rd7 35. g3 Rd8 36. h3 Rd7 37. Rc4 Rd8 38. Rc1 Rd7 39. Re1 Rd8 40. Kc2 Kc7 41. Bd4 Kd7 42. b4 Ra8 43. Kb3 Kc7 44. Kc4 Kd7 45. a4 Rb8 46. Bc5 Rb7 47. Re5 Nf6 48. Re7+ Kc8 49. Re6 1-0

[Event "Stuttgart-ch op-A"]
[Site "Ditzingen"]
[Date "2012.05.19"]
[Round "5"]
[White "Schulte, Torsten"]
[Black "Latzke, Boris Alexander"]
[Result "1/2-1/2"]
[WhiteElo "2129"]
[BlackElo "2253"]
[PlyCount "47"]
[EventDate "2012.05.17"]
[EventType "swiss"]
[EventRounds "7"]
[EventCountry "GER"]
[SourceTitle "EXT 2015"]
[Source "ChessBase"]
[SourceDate "2014.11.20"]
[SourceVersion "1"]
[SourceVersionDate "2014.11.20"]
[SourceQuality "1"]

1. d4 Nf6 2. c4 e6 3. Nc3 Bb4 4. Bg5 h6 5. Bh4 c5 6. d5 d6 7. e3 Bxc3+ 8. bxc3 e5 9. Nf3 Nbd7 10. Qc2 Qe7 11. Nd2 g5 12. Bg3 Nh5 13. Bd3 Ndf6 14. f3 Nxg3 15. hxg3 Bd7 16. Bf5 0-0-0 17. Bxd7+ Qxd7 18. g4 Rde8 19. Ne4 Nxe4 20. Qxe4 Ref8 21. Qf5 Qxf5 22. gxf5 h5 23. e4 Rh6 24. Kf2 1/2-1/2

[Event "Stuttgart-ch op-A"]
[Site "Ditzingen"]
[Date "2012.05.19"]
[Round "6"]
[White "Wenninger, Philipp"]
[Black "Schulte, Torsten"]
[Result "1-0"]
[WhiteElo "2205"]
[BlackElo "2129"]
[PlyCount "63"]
[EventDate "2012.05.17"]
[EventType "swiss"]
[EventRounds "7"]
[EventCountry "GER"]
[SourceTitle "EXT 2015"]
[Source "ChessBase"]
[SourceDate "2014.11.20"]
[SourceVersion "1"]
[SourceVersionDate "2014.11.20"]
[SourceQuality "1"]

1. d4 Nf6 2. Bg5 Ne4 3. Bh4 d5 4. f3 Nf6 5. Nc3 Bf5 6. Qd2 Bg6 7. 0-0-0 Nbd7 8. Nh3 c6 9. Nf2 Qa5 10. e4 e6 11. a3 Nb6 12. Kb1 Nc4 13. Bxc4 dxc4 14. Nd5 Qxd2 15. Nxf6+ gxf6 16. Rxd2 f5 17. Re1 fxe4 18. fxe4 c3 19. bxc3 Bxa3 20. Ng4 f5 21. exf5 Bxf5 22. Nf6+ Kd8 23. g4 Bg6 24. Rxe6 Kc7 25. d5 Rad8 26. d6+ Bxd6 27. Rexd6 Rxd6 28. Bg3 Rhd8 29. h4 h5 30. gxh5 Bf5 31. Bxd6+ Rxd6 32. Ne8+ 1-0

[Event "Oberliga Baden 1112"]
[Site "Germany"]
[Date "2012.02.26"]
[Round "7.4"]
[White "Schulte, Torsten"]
[Black "Kiefhaber, Holger"]
[Result "0-1"]
[WhiteElo "2164"]
[BlackElo "2268"]
[PlyCount "66"]
[EventDate "2011.10.02"]
[EventType "team-tourn"]
[EventRounds "9"]
[EventCountry "GER"]
[SourceTitle "EXT 2013"]
[Source "ChessBase"]
[SourceDate "2012.11.22"]
[SourceVersion "1"]
[SourceVersionDate "2012.11.22"]
[SourceQuality "1"]
[WhiteTeam "Eppingen II"]
[BlackTeam "Karlsruhe"]
[WhiteTeamCountry "GER"]
[BlackTeamCountry "GER"]

1. d4 Nf6 2. c4 Nc6 3. Nf3 e6 4. g3 d5 5. Bg2 dxc4 6. Qa4 Bb4+ 7. Bd2 Nd5 8. Bxb4 Ndxb4 9. a3 b5 10. Qxb5 Nc2+ 11. Kd1 Bd7 12. Kxc2 Nxd4+ 13. Nxd4 Bxb5 14. Nxb5 Rb8 15. Bc6+ Kf8 16. N1c3 Qe7 17. Bf3 Qc5 18. a4 a6 19. Na3 Ke7 20. Rhd1 Rb3 21. Rd2 Rhb8 22. Ra2 Rxb2+ 23. Rxb2 Rxb2+ 24. Kxb2 Qb4+ 25. Kc2 Qb3+ 26. Kc1 Qxa3+ 27. Kd1 Qxc3 28. e3 Qa1+ 29. Ke2 Qxa4 30. Be4 c3 31. Rd4 Qa2+ 32. Ke1 Qb2 33. Rc4 Qa1+ 0-1